00574nam a22001817a 45000010005000000030004000050050017000090070003000260080041000290240014000700240020000840400008001041000020001122450095001322600087002274900036003148300042003506120OSt20170921101517.0tu161220s2003 fi ||||| |||||||||||eng d7 a61202RID7 a61202RSN (alt) cOSt1 aStaehr, Karsten10aReforms and economic growth in transition economies: Complementarity, sequencing and speed aHelsinki :bInstitute for Economies in Transition, Bank of Finland (BOFIT),c2003.1 aBOFIT Discussion Papersv1/2003 0tBOFIT Discussion Papersv1/2003w7888